Morfología, fonología y fonética del asheninca del apurucayali campa-arawak preandino
Uloženo v:
| Hlavní autoři: | , |
|---|---|
| Další autoři: | |
| Médium: | Kniha |
| Jazyk: | španělština |
| Vydáno: |
Pucallpa
Instituto Lingüístico de Verano
1982
|
| Edice: | Serie Lingüística Peruana, 18
|
| Témata: | |
| Tagy: |
Přidat tag
Žádné tagy, Buďte první, kdo vytvoří štítek k tomuto záznamu!
|
MARC
| LEADER | 00000nam a2200000 a 4500 | ||
|---|---|---|---|
| 001 | UCN5807 | ||
| 003 | CL-VaPUC | ||
| 008 | 010913e19820000pe |||||||||||||||||cni|d | ||
| 041 | 0 | 7 | |a cni |2 CL-VaPUC |
| 041 | 0 | 7 | |a spa |2 CL-VaPUC |
| 082 | 0 | 4 | |a 498.323 |b PAY |2 21 |
| 100 | |a Payne, David L. |e autor |9 461480 | ||
| 700 | |a Payne, Judith K. |e autora |9 461500 | ||
| 700 | 0 | |a Sánchez Santos, Jorge |e author |9 461501 | |
| 245 | 1 | 0 | |a Morfología, fonología y fonética del asheninca del apurucayali campa-arawak preandino |
| 300 | |a 311 p | ||
| 942 | |c BK | ||
| 945 | |d 20010913 00:00:00 |a rbrito | ||
| 260 | |a Pucallpa |b Instituto Lingüístico de Verano |c 1982 | ||
| 650 | 7 | |a LENGUA ASHENINCA |2 CL-VaPUC |9 461502 | |
| 650 | 0 | |a Español |9 255372 | |
| 650 | 0 | |a Etnolingüística |9 341076 | |
| 650 | 0 | |a Gramática |9 270497 | |
| 650 | 0 | |a Morfología |9 334440 | |
| 650 | 0 | |a Fonética |9 308371 | |
| 650 | 7 | |a ENSEÑANZA DE LA LENGUA |2 CL-VaPUC |9 390747 | |
| 651 | 0 | |a Perú |9 256567 | |
| 583 | |a last modification |c 20171218 12:01:33 |k Rodrigo Vera | ||
| 490 | 0 | |a Serie Lingüística Peruana, 18 | |
| 999 | |c 296960 |d 296958 | ||
| 952 | |0 0 |1 0 |4 0 |6 498_323000000000000_PAY_1982 |7 0 |8 A |9 351277 |a FDOPOS |b FDOPOS |d 2019-11-21 |i 3687384 |o 498.323 PAY 1982 |p 3687384 |r 2025-01-22 |w 2019-11-21 |y BK |k MLA | ||